Statistics for European Countries with The biggest Population of Black people

Click here to take the quiz!

General Stats

  • This quiz has been taken 707 times
  • The average score is 9 of 10

Answer Stats

PercentagePopulationAnswer% Correct
8%3,800,000France
99%
3%2,015,400United Kingdom
99%
1%817,150Germany
98%
2%683,000Spain
98%
2%1,036,653Italy
97%
2%201,200Portugal
91%
1%115,000Sweden
90%
3%507,000Netherlands
89%
3%300,000Belgium
88%
1%67,000Norway
84%

Score Distribution

Percentile by Number Answered

Percent of People with Each Score

Your Score History

You have not taken this quiz